| 000 | 01684nam a2200241Ia 4500 | ||
|---|---|---|---|
| 008 | 260220t1964||||xx |||||||||||||| ||spa|| | ||
| 040 |
_aPY-SlUNAC _bspa _erda |
||
| 041 | _aspa | ||
| 082 |
_a843 _bN828f |
||
| 100 |
_aNord, Pierre _eAutor |
||
| 245 | 0 |
_aLa feria de los sabios / _cpor Pierre Nord [Autor] |
|
| 264 |
_aCiudad de México : _bPomaire, _c℗1964. |
||
| 300 | _a1 volumen | ||
| 520 | _a"La feria de los sabios" de Pierre Nord es una obra que explora la interacción entre el conocimiento y la cultura en un contexto de ferias populares. Ambientada en un escenario vibrante, el autor presenta un viaje a través de diversas tradiciones y saberes, donde se entrelazan la sabiduría popular y el conocimiento académico. A través de personajes carismáticos y situaciones cotidianas, Nord ilustra cómo las ferias actúan como espacios de encuentro donde se intercambian ideas y se generan diálogos entre distintas generaciones y clases sociales. La narrativa enfatiza la importancia de la oralidad y el aprendizaje colectivo, destacando que el conocimiento no se limita a lo académico, sino que también se encuentra en la experiencia y la cultura de las comunidades. Este enfoque permite al lector reflexionar sobre el valor de la diversidad del saber y la relevancia de mantener vivas las tradiciones, así como la necesidad de un diálogo continuo entre diferentes formas de conocimiento en la sociedad contemporánea. | ||
| 653 | _aCultura | ||
| 653 | _aEducación | ||
| 653 | _aHistoria | ||
| 942 |
_b2026/02/17 _cBK |
||
| 999 |
_c9122 _d9122 |
||